|
|
|
|
| LEADER |
00000ntm a22000007u 4500 |
| 001 |
zp3140 |
| 041 |
|
|
|a cze
|
| 100 |
1 |
|
|a Pátíková, Simona
|4 dis
|
| 245 |
1 |
0 |
|a Přechod daňové evidence na účetnictví firmy Milan Řezníček
|
| 246 |
|
|
|a Changing tax evidence of Milan Reznicek's company to accountancy
|
| 260 |
|
|
|c 2007
|
| 300 |
|
|
|a 75 s., 15 s. obr. příloh.
|
| 500 |
|
|
|a Studijní obor: Finance
|
| 500 |
|
|
|a Studijní obor: Finance
|
| 500 |
|
|
|a Ústav: Ústav financí a účetnictví
|
| 500 |
|
|
|a Univerzita Tomáše Bati ve Zlíně. Fakulta managementu a ekonomiky
|
| 500 |
|
|
|a Tomas Bata University in Zlín. Faculty of Management and Economics
|
| 506 |
|
|
|a Práce bude přístupná pouze v rámci univerzity od 04.05.2037
|
| 653 |
|
|
|a daňová evidence
|
| 653 |
|
|
|a účetnictví
|
| 653 |
|
|
|a účetní jednotka
|
| 653 |
|
|
|a podnikatel
|
| 653 |
|
|
|a účetní zásady
|
| 653 |
|
|
|a kroky přechodu
|
| 653 |
|
|
|a vnitropodnikové předpisy
|
| 653 |
|
|
|a tax evidence
|
| 653 |
|
|
|a accountancy
|
| 653 |
|
|
|a accounting entity
|
| 653 |
|
|
|a businessman
|
| 653 |
|
|
|a accounting principles
|
| 653 |
|
|
|a transition phases
|
| 653 |
|
|
|a intra-plant regulations
|
| 655 |
|
4 |
|a diplomová práce
|
| 700 |
1 |
|
|a Paseková, Marie
|4 ths
|
| 710 |
2 |
|
|a Univerzita Tomáše Bati ve Zlíně. Fakulta managementu a ekonomiky
|4 dgg
|
| 710 |
2 |
|
|a Tomas Bata University in Zlín. Faculty of Management and Economics
|4 dgg
|
| 856 |
4 |
0 |
|u http://hdl.handle.net/10563/3070
|y Plný text v Digitální knihovně UTB
|